Man and life. (Record no. 43098)
[ view plain ]
| 000 -LEADER | |
|---|---|
| fixed length control field | 01752nam a22004457a 4500 |
| 005 - DATE AND TIME OF LATEST TRANSACTION | |
| control field | 20160105125147.0 |
| 006 - FIXED-LENGTH DATA ELEMENTS--ADDITIONAL MATERIAL CHARACTERISTICS--GENERAL INFORMATION | |
| fixed length control field | a|||||r|||||00| 0 |
| 007 - PHYSICAL DESCRIPTION FIXED FIELD--GENERAL INFORMATION | |
| fixed length control field | ta |
| 008 - FIXED-LENGTH DATA ELEMENTS--GENERAL INFORMATION | |
| fixed length control field | 770825c19759999ii qr p| 00| 0 eng |
| 022 0# - INTERNATIONAL STANDARD SERIAL NUMBER | |
| International Standard Serial Number | 0972-4109 |
| Source | 20 |
| 035 ## - SYSTEM CONTROL NUMBER | |
| System control number | (OCoLC)ocm03217890 |
| 037 ## - SOURCE OF ACQUISITION | |
| Source of stock number/acquisition | Dept. of Anthropology, Calcutta Univ., 35 Ballygunge Circular Rd., 700019 |
| 040 ## - CATALOGING SOURCE | |
| Original cataloging agency | DLC |
| Transcribing agency | DLC |
| Modifying agency | OCoLC |
| -- | NST |
| -- | MH |
| -- | OCoLC |
| -- | MH |
| -- | OCoLC |
| -- | WaU |
| 042 ## - AUTHENTICATION CODE | |
| Authentication code | pcc |
| 043 ## - GEOGRAPHIC AREA CODE | |
| Geographic area code | a-ii--- |
| 050 00 - LIBRARY OF CONGRESS CALL NUMBER | |
| Classification number | GN301 |
| Item number | .M36 |
| 082 #4 - DEWEY DECIMAL CLASSIFICATION NUMBER | |
| Classification number | 301.205 |
| 210 0# - ABBREVIATED TITLE | |
| Abbreviated title | Man life |
| 222 #0 - KEY TITLE | |
| Key title | Man and life |
| 245 00 - TITLE STATEMENT | |
| Title | Man and life. |
| Remainder of title | A journal of the Institute of Social Research and Applied Anthropology |
| 260 ## - PUBLICATION, DISTRIBUTION, ETC. (IMPRINT) | |
| Place of publication, distribution, etc | [Calcutta, India, |
| Name of publisher, distributor, etc | Institute of Social Research and Applied Anthropology] |
| 300 ## - PHYSICAL DESCRIPTION | |
| Extent | v. |
| Dimensions | 25 cm. |
| 310 ## - CURRENT PUBLICATION FREQUENCY | |
| Current publication frequency | Half yearly |
| 362 0# - DATES OF PUBLICATION AND/OR SEQUENTIAL DESIGNATION | |
| Dates of publication and/or sequential designation | v. 1- Jan./Dec. 1975- |
| 500 ## - GENERAL NOTE | |
| General note | "A journal of the Institute of Social Research and Applied Anthropology." |
| 590 ## - LOCAL NOTE (RLIN) | |
| Local note | SERBIB/SERLOC merged record |
| 650 #0 - SUBJECT ADDED ENTRY--TOPICAL TERM | |
| Topical term or geographic name as entry element | Ethnology |
| Form subdivision | Periodicals. |
| 9 (RLIN) | 17155 |
| 650 #0 - SUBJECT ADDED ENTRY--TOPICAL TERM | |
| Topical term or geographic name as entry element | Applied anthropology |
| Form subdivision | Periodicals. |
| 9 (RLIN) | 17156 |
| 650 #0 - SUBJECT ADDED ENTRY--TOPICAL TERM | |
| Topical term or geographic name as entry element | Ethnology |
| Geographic subdivision | India |
| Form subdivision | Periodicals. |
| 9 (RLIN) | 17157 |
| 710 2# - ADDED ENTRY--CORPORATE NAME | |
| Corporate name or jurisdiction name as entry element | Institute of Social Research and Applied Anthropology (Calcutta, India) |
| 9 (RLIN) | 17158 |
| 776 08 - ADDITIONAL PHYSICAL FORM ENTRY | |
| Display text | Online version: |
| Title | Man and life |
| Record control number | (OCoLC)565171370 |
| 776 08 - ADDITIONAL PHYSICAL FORM ENTRY | |
| Display text | Online version: |
| Title | Man and life |
| Record control number | (OCoLC)605027108 |
| 270 ## - ADDRESS | |
| Address | BIDISA, PO Fulgeria, |
| City | Dist. Paschim Madinipur, W.B. |
| Postal code | 721437 |
| Electronic mail address | pradipb@hijli.iitkgp.ernet.in |
| 906 ## - LOCAL DATA ELEMENT F, LDF (RLIN) | |
| a | 7 |
| b | cbc |
| c | serials |
| d | 4 |
| e | ncip |
| f | 19 |
| g | n-oclcserc |
| 936 ## - OCLC/CONSER MISCELLANEOUS DATA (OCLC); PIECE USED FOR CATALOGING (pre-AACR2) (RLIN) | |
| OCLC control number(s) of parallel record(s) (OCLC); Piece used for cataloging, PUC (RLIN) | Jan, /Dec. 1975 |
| -- | July/Dec. 2008 |
| 942 ## - ADDED ENTRY ELEMENTS (KOHA) | |
| Source of classification or shelving scheme | Dewey Decimal Classification |
| Item type | Periodicals |
| Classification part | 301.205 |
| Call number suffix | MAN |
| Serial record | 1 |
| Withdrawn status | Lost status | Source of classification or shelving scheme | Damaged status | Not for loan | Home library | Current library | Date acquired | Total Checkouts | Full call number | Date last seen | Price effective from | Koha item type |
|---|---|---|---|---|---|---|---|---|---|---|---|---|
| Dewey Decimal Classification | Not For Loan | D.B.Act.Division | D.B.Act.Division | 26/08/2010 | 301.205 MAN | 26/08/2010 | 26/08/2010 | Periodicals |
